| 000 | 00762nam a2200205Ia 4500 | ||
|---|---|---|---|
| 003 | GCL | ||
| 008 | 140319s9999 xx 000 0 ara d | ||
| 040 |
_aGCL / _cGCL |
||
| 082 | 0 | 4 |
_a252.524 _bب م |
| 100 | 1 | _aبدر الدين يوسف محمد احمد | |
| 245 | 1 | 0 |
_aالمفهوم الجغرافى لمعنى محاذاة الميقات المكانى للحج / _cبدر الدين يوسف محمد احمد |
| 250 | _aالاولى | ||
| 260 |
_aالرياض : _bجامعة ام القرى ، _c1991 |
||
| 300 |
_a128 ص ؛ _c24 سم |
||
| 490 |
_aسلسلة بحوث العلوم الاجتماعية _v14 |
||
| 650 | 0 | 4 | _aالحج - مواقيت |
| 650 | 0 | 4 | _aالحج - زمن |
| 650 | 0 | 4 | _aالحج - مواقيت مكانية |
| 942 |
_2ddc _cBK |
||
| 999 |
_c6965 _d6965 |
||